[Event "Chigorin Memorial 27th"]
[Site "St Petersburg"]
[Date "2019.10.06"]
[Round "2"]
[White "Pavlyk, Petr"]
[Black "Al Hosani, Omran"]
[Result "0-1"]
[WhiteElo "1487"]
[BlackElo "2289"]
[PlyCount "48"]
[EventDate "2019.10.05"]
[EventType "swiss"]
[EventRounds "9"]
[EventCountry "RUS"]
[SourceTitle "EXT 2020"]
[Source "ChessBase"]
[SourceDate "2019.10.17"]
[SourceVersion "1"]
[SourceVersionDate "2019.10.17"]
[SourceQuality "1"]

1. e4 c5 2. c3 Nf6 3. Bd3 d6 4. Nf3 g6 5. 0-0 Bg7 6. Bc2 0-0 7. d4 cxd4 8. cxd4 Nc6 9. Nc3 Bg4 10. Be3 Nd7 11. Kh1 Bxf3 12. gxf3 e5 13. d5 Nd4 14. Bxd4 exd4 15. Ne2 Qf6 16. Ng3 h5 17. Re1 h4 18. Nf1 Ne5 19. Nd2 d3 20. Bb3 Bh6 21. Nc4 Nxf3 22. Rf1 Qf4 23. Kg2 Qxh2+ 24. Kxf3 Qh3# 0-1